00318nam a2200121Ia 4500008004100000020001500041041001200056100001700068245006400085260002900149300000800178650001000186221030s9999 xx 000 0 und d a8123924175 aEnglish aS. C. Saxena 0aText Book of Highway & Traffic Engineeringcby S. C. Saxena bCBS PubaNew Delhic2017 a909 aCivil